Estadísticas para 10 países al azar de europa

Haz click aquí para intentar la prueba.

Estadísticas generales

  • Esta prueba ha sido intentada 124 veces
  • La puntuación promedio es 8 de 10

Respuestas en el mapa

Las respuestas están codificadas por una escala verde-roja en el mapa de la prueba según el % correcto abajo.
 

Estadísticas de respuestas

Países% Correcto
Alemania
100%
Bélgica
100%
Ciudad del
Vaticano
100%
Dinamarca
100%
Eslovenia
100%
Finlandia
100%
Francia
100%
Grecia
100%
Irlanda
100%
Italia
100%
Kosovo
100%
Montenegro
100%
Países Bajos
100%
Polonia
100%
Portugal
100%
Reino Unido
100%
Rumania
100%
Suecia
100%
Suiza
100%
Bulgaria
50%
Eslovaquia
50%
Macedonia
del Norte
50%
Albania
0%
Andorra
0%
Austria
0%
Bielorrusia
0%
Bosnia y
Herzegovina
0%
Croacia
0%
España
0%
Estonia
0%
Hungría
0%
Islandia
0%
Letonia
0%
Liechtenstein
0%
Lituania
0%
Luxemburgo
0%
Malta
0%
Moldavia
0%
Mónaco
0%
Noruega
0%
República
Checa
0%
Rusia
0%
San Marino
0%
Serbia
0%
Ucrania
0%

Distribución de puntuación

Porcentaje por número respondido

Porcentaje de gente con cada puntuación

Historial de tus puntuaciones

No has intentado esta prueba.